| 000 | 00656cab a2200205 4500 | ||
|---|---|---|---|
| 001 | WB3238-18 | ||
| 008 | 090401t1996 xxu||||| |||| 00| 0 eng d | ||
| 035 | _a(Sirsi) u20477 | ||
| 041 | _aeng | ||
| 245 | _aGovernment to ease PFI contract process | ||
| 260 | _c1996 | ||
| 350 | _a0 | ||
| 490 |
_aFinancial Times _v8 October 1996, 12(1) |
||
| 520 | _aThe government will issue standard contract terms in an attempt to simplify negotiations on Private Finance Initiative projects. | ||
| 650 | _aCONTRACT PROCEDURE | ||
| 650 | _aPRIVATE FINANCE INITIATIVE | ||
| 690 | _aPROPERTY-PROPERTY FINANCE AND INVESTMENT | ||
| 942 | _n0 | ||
| 948 | _c04/03/1997 | ||
| 999 |
_c13719 _d13719 |
||